Statistieken voor 2020 - Jaaroverzicht

Klik hier om de quiz te nemen!

Algemene statistieken

  • Deze quiz is 49 keer genomen
  • De gemiddelde score is 8 van 20

Antwoordstatistieken

BeschrijvingAntwoord% Correct
Deze premier van het VK raakte besmet met het coronavirusBoris Johnson
75%
Tijdens een arrestatie in Minneapolis komt deze zwarte man om het levenGeorge Floyd
72%
Dit politiegeweld leiden tot grote internationale protesten van deze bewegingBlack Lives Matter
67%
Op deze plaats in de VS wordt de hoogste temperatuur ooit gemeten in de hele VS{Death} Valley
67%
250 jaar geleden werd deze componist, van de 9e symfonie, geborenLudwig Von Beethoven
64%
In deze stad in China brak het coronavirus uitWuhan
64%
Deze Spaanse tennisser behaalt zijn 20e Grand-SlamzegeRafael Nadal
61%
Dictator die meer dan drie weken verdween, waardoor geruchten de kop op stakenKim Jong-un
44%
App om te videobellen die de kaap van 100 miljoen dollar overschreedZoom
44%
De hoogte van deze berg wordt internationaal vastgelegd op 8.848,86 meterEverest
42%
In deze stad in het Midden-Oosten ontploft een opslagplaats met ammoniumnitraat, de stad wordt verwoestBeiroet
39%
Deze president van Brazilië raakte besmet met het coronavirusJair Bolsonaro
39%
Deze acteur die ooit nog James Bond mocht spelen overlijdtSean Connery
31%
Dit museum in Istanboel wordt ingehuldigd als moskeeHagia Sophia
19%
Afrika wordt door de VN vrij verklaard van deze ziekte, nu komt ze enkel nog voor in Afghanistan en PakistanPolio
19%
Deze opperrechter van het Amerikaanse Hooggerechtshof overlijdtRuth Bader Ginsberg
14%
Deze Franse geschiedenisleerkracht wordt op straat onthoofd omdat hij in een les over vrije meningsuiting cartoons van de profeet Mohammed had laten zienSamuel Paty
8%
Deze Afro-Amerikaanse verpleegkundige wordt door de politie doodgeschoten in Louisville, KentuckyBreonna Taylor
3%
Bij een luchtaanval van de VS op de luchthaven Bagdad wordt deze Iraanse generaal gedoodQassem Soleimani
3%
In Kenosha, Wisconsin. overlijdt deze Afro-Amerikaanse man nadat hij zeven keer in zijn rug werd geschoten tijdens een arrestatieJacob Blake
0%

Scoreverdeling

Percentiel versus Aantal Correcte Antwoorden

Procent van Mensen met Elke Score

Uw Scoregeschiedenis

U heeft deze quiz nog niet genomen